| Tag |
First Indicator |
Second Indicator |
Subfields |
| LEADER |
00000cam a2200000 a 4500 |
| 001 |
in00000510921 |
| 005 |
20151013065934.0 |
| 008 |
810903s1981 sz a 10110 eng d |
| 020 |
|
|
|a 380552725X
|
| 035 |
|
|
|a (OCoLC)07777216
|
| 035 |
|
|
|9 ACD9657AM
|
| 039 |
0 |
|
|a 2
|b 3
|c 3
|d 3
|e 2
|
| 040 |
|
|
|a NLM
|c NLM
|d OCL
|d HAM
|d OCL
|d TXA
|d UtOrBLW
|
| 049 |
|
|
|a TXAM
|c [A07821959]
|
| 060 |
|
0 |
|a W1 ME649P v.14 1981
|a [QT 260 I565w 1980]
|
| 069 |
0 |
|
|a 8108744
|
| 090 |
|
|
|a GV709
|b .I6 1980
|
| 111 |
2 |
|
|a International Congress on Women and Sport
|d (1980 :
|c Rome, Italy)
|
| 245 |
1 |
0 |
|a Women and sport :
|b an historical, biological, physiological, and sportsmedical approach : selected papers of the International Congress on Women and Sport, Rome, Italy, July 4-8, 1980 /
|c volume editors, J. Borms, M. Hebbelinck, and A. Venerando.
|
| 264 |
|
1 |
|a Basel ;
|a New York :
|b Karger,
|c 1981.
|
| 300 |
|
|
|a xiii, 229 pages :
|b illustrations
|
| 336 |
|
|
|a text
|b txt
|2 rdacontent
|
| 337 |
|
|
|a unmediated
|b n
|2 rdamedia
|
| 338 |
|
|
|a volume
|b nc
|2 rdacarrier
|
| 490 |
1 |
|
|a Medicine and sport ;
|v v. 14
|
| 650 |
|
0 |
|a Sports for women.
|
| 650 |
|
0 |
|a Sports
|x History
|x Congresses.
|
| 650 |
|
0 |
|a Sports medicine
|v Congresses.
|
| 650 |
|
0 |
|a Women
|v Congresses.
|
| 650 |
|
2 |
|a Sports
|x history
|x congresses.
|
| 650 |
|
2 |
|a Sports Medicine
|x congresses.
|
| 650 |
|
2 |
|a Women
|x Congresses.
|
| 700 |
1 |
|
|a Borms, J.
|q (Jan)
|
| 700 |
1 |
|
|a Hebbelinck, M.
|q (Marcel)
|
| 700 |
1 |
|
|a Venerando, Antonio.
|
| 830 |
|
0 |
|a Medicine and sport ;
|v v. 14.
|
| 999 |
|
|
|a MARS
|
| 999 |
f |
f |
|s 4a8e5b9c-071f-3dc8-814a-3fea0d45a9eb
|i 164b48ed-eead-307d-9b43-b38347ec2135
|t 0
|
| 952 |
f |
f |
|p normal
|a Texas A&M University
|b College Station
|c Sterling C. Evans Library
|d Evans: Library Stacks
|t 0
|e GV709 .I6 1980
|h Library of Congress classification
|i unmediated -- volume
|m A14807821959
|
| 998 |
f |
f |
|a GV709 .I6 1980
|t 0
|l Evans: Library Stacks
|